Hlavné tendencie štruktúrnych zmien v Slovenskej republike diplomová práca

Salvato in:
Dettagli Bibliografici
Autore principale: Lalíková, Dana
Ente Autore: Národohospodárska fakulta EU. Katedra hospodárskej politiky
Altri autori: Fifeková, Elena
Natura: Libro
Lingua:slovacco
Pubblicazione: Bratislava 2009
Tags: Aggiungi Tag
Nessun Tag, puoi essere il primo ad aggiungerne!!

MARC

LEADER 00000nam$a2200000$$$4500
001 0095804
005 20240319123757.3
041 0 |a slo 
044 |a SK 
245 1 0 |a Hlavné tendencie štruktúrnych zmien v Slovenskej republike  |b diplomová práca  |c Dana Lalíková ; škol. Elena Fifeková 
264 1 |a Bratislava  |c 2009 
300 |a 70 s. 
100 1 |a Lalíková, Dana 
700 1 |a Fifeková, Elena 
710 2 |a Národohospodárska fakulta EU. Katedra hospodárskej politiky